| 000 | 00000nam##2200000za#4500 |
| 001 | 9.684449 |
| 003 | CaOODSP |
| 005 | 20250611103701 |
| 007 | ta |
| 008 | 150407|2009||||xxc||||| f|0| 0 fre|d |
| 020 | |a978-1-100-90535-8 |
| 040 | |aCaOODSP|bfre |
| 043 | |an-cn--- |
| 086 | 1 |aA52-137/2-2009F |
| 110 | 1 |aCanada. |bAgriculture et agroalimentaire Canada. |
| 245 | 13|aUn meilleur rendement, un limbe à la fois |
| 260 | |bAgriculture et Agroalimentaire Canada |cc2008. |
| 300 | |a[2]p. : |bphotographies ; |c28 cm. |
| 563 | |aPolycopié |
| 590 | |a09-41|b2009-10-09 |
| 691 | 07|aCultures fourragères|2gcpds |
| 775 | 08|tMaking every blade count.|w(CaOODSP)9.651421 |
| 986 | |aN° AAC 10852F |